00823nam a22002177a 450000500170000001000150001702000260003203500130005803700130007108200080008424501240009226000310021627000790024730000260032650000500035270000200040270000230042294200220044599900170046795201210048420140623112342.0 aENG-110233 a9781138020184c695.00 aEN-93765 bDBAD/PUB a280 aConstructing Indian christianities :cedited by Chad M. Bauman [and] Richard Fox Youngbculture, conversion and caste / aNew DelhibRoutledgec2014 a912, Tolstoy House, 15-17 Tolstoy Marg, Connaught PlacebNew Delhie110001 axxiii,264p.c23cm(Hb) aIncludes bibliographical references and index aBauman, Chad M. aYoung, Richard Fox 2ddccENmCONh280 c85039d85039 001040718NFICaDBADbDBADd2014-06-11eDBAD/PUBg695.00l0o280 CONpEN-93765r2014-06-11 00:00:00t1v695.00yEN